199 câu hỏi đáp về Microsoft Word 2002-2003

Wedi'i Gadw mewn:
Manylion Llyfryddiaeth
Prif Awdur: Nguyễn, Tiến
Fformat: Llyfr
Iaith:Undetermined
Cyhoeddwyd: Hà Nội Thống kê 2004
Pynciau:
Tagiau: Ychwanegu Tag
Dim Tagiau, Byddwch y cyntaf i dagio'r cofnod hwn!
Thư viện lưu trữ: Trung tâm Học liệu Trường Đại học Cần Thơ
LEADER 00562nam a2200193Ia 4500
001 CTU_96284
008 210402s9999 xx 000 0 und d
020 |c 31000 
082 |a 005.3 
082 |b T305 
100 |a Nguyễn, Tiến 
245 0 |a 199 câu hỏi đáp về Microsoft Word 2002-2003 
245 0 |c Nguyễn Tiến, Nguyễn Văn Hoài 
260 |a Hà Nội 
260 |b Thống kê 
260 |c 2004 
650 |a Word (Computer programs) 
904 |i Năm 
980 |a Trung tâm Học liệu Trường Đại học Cần Thơ